[Event "AUT-chT 1999/2000"]
[Site "Graz"]
[Date "2000.03.19"]
[Round "11.4"]
[White "Proehl, Holger"]
[Black "Steflitsch, Erich"]
[Result "1-0"]
[WhiteElo "2389"]
[BlackElo "2336"]
[PlyCount "107"]
[EventDate "2000.03.19"]

1. e4 e5 2. Nc3 Nf6 3. g3 Bc5 4. Bg2 d6 5. Nge2 Nc6 6. O-O h5 7. h3 h4 8. g4
Nxg4 9. hxg4 h3 10. Bf3 Qh4 11. Kh1 Bxf2 12. d3 Bb6 13. Nd5 Bxg4 14. Be3 O-O-O
15. Bxb6 axb6 16. Qe1 Be6 17. Rg1 {} 17... g6 18. Qxh4 Rxh4 19. Nf6 Rdh8 20.
a3 Kd8 21. Bg4 Bxg4 22. Rxg4 Rxg4 23. Nxg4 f5 24. Nf2 f4 25. Rg1 Ne7 26. Kh2
Ke8 27. Rg4 Kf7 28. Ng1 Kf6 29. Nf3 b5 30. Rh4 Rxh4 31. Nxh4 c5 32. Kxh3 Nc6
33. Nf3 b4 34. axb4 Nxb4 35. c3 Nc2 36. Ng4+ Ke6 37. Kh4 b5 38. Kg5 b4 39. Kxg6
bxc3 40. bxc3 Na3 41. c4 Nc2 42. Kg7 Ke7 43. Nh4 Ne1 44. Nf2 Ke6 45. Kf8 Kf6
46. Nf5 f3 47. Ke8 Kg5 48. Ke7 Kf4 49. Kxd6 Nxd3 50. Nxd3+ Kxe4 51. Nxe5 f2 52.
Ng3+ Kd4 53. Nf1 Ke4 54. Ng4 1-0

[Event "AUT-chT 1999/2000"]
[Site "Graz"]
[Date "2000.03.19"]
[Round "11.5"]
[White "Titz, Heimo"]
[Black "Kleissl, Helmut"]
[Result "1/2-1/2"]
[WhiteElo "2297"]
[BlackElo "2279"]
[PlyCount "142"]
[EventDate "2000.03.19"]

1. c4 d6 2. d4 e5 3. Nc3 exd4 4. Qxd4 Nc6 5. Qd2 Nf6 6. b3 g6 7. Bb2 Bg7 8. g3
O-O 9. Nh3 a5 10. Nf4 Be6 11. Bg2 Re8 12. O-O Qc8 13. Rac1 Ne5 14. Nxe6 fxe6
15. Rfd1 Rb8 16. Nb5 Nc6 17. Bc3 Ra8 18. Nd4 Nxd4 19. Bxd4 Nd7 20. Bxg7 Kxg7
21. Qc3+ Kg8 22. a3 Rf8 23. Qe3 Rf6 24. b4 axb4 25. axb4 Nf8 26. Qe4 Ra2 27. f4
b6 28. Bf3 Rf7 29. Qd4 Qd8 30. c5 bxc5 31. bxc5 d5 32. c6 Qa8 33. Qc3 Ra3 34.
Qc5 Ra5 35. Qe3 Ra6 36. Qc5 Ra5 37. Qb4 Ra2 38. Rd2 Ra5 39. Qb7 Qa6 40. Rb2 Ra3
41. Kg2 Ra1 42. Rxa1 Qxa1 43. Rb3 Qd4 44. Ra3 Qc5 45. Ra8 Qd6 46. Rc8 Kg7 47.
Qa8 h6 48. Rd8 Qe7 49. Re8 Qc5 50. h4 h5 51. Rd8 Qe7 52. e4 dxe4 53. Bxe4 Qf6
54. Re8 Re7 55. Rxe7+ Qxe7 56. Qa1+ Qf6 57. Qa5 Qd8 58. Qe5+ Kf7 59. Qh8 Qf6
60. Qh6 Qd4 61. Bf3 Qd8 62. Kh3 Qd4 63. Bg2 Qf6 64. Kh2 Qe7 65. Bf3 Qf6 66. Kg2
Qb2+ 67. Kh3 Qf6 68. g4 Qc3 69. Kg3 Qe1+ 70. Kg2 Qd2+ 71. Kg3 71... Qe1+
1/2-1/2

[Event "AUT-chT 1999/2000"]
[Site "Graz"]
[Date "2000.03.19"]
[Round "11.1"]
[White "Lukacs, Peter"]
[Black "Loeffler, Stefan"]
[Result "1-0"]
[WhiteElo "2480"]
[BlackElo "2412"]
[PlyCount "103"]
[EventDate "2000.03.19"]

1. d4 Nf6 2. c4 g6 3. Nc3 Bg7 4. e4 O-O 5. Nf3 d6 6. Be2 c5 7. d5 e6 8. O-O Re8
9. h3 exd5 10. exd5 Bf5 11. Bd3 Bxd3 12. Qxd3 Nbd7 13. Bf4 Qb6 14. Rab1 Re7 15.
a3 Rae8 16. b4 Ne4 17. Nxe4 Rxe4 18. Bd2 Qa6 19. Rfe1 Rxe1+ 20. Bxe1 cxb4 21.
Bxb4 h6 22. Rc1 Qb6 23. Qc2 a5 24. c5 dxc5 25. Bxc5 Qb5 26. a4 {} 26... Qxc5
27. Qxc5 Nxc5 28. Rxc5 b6 29. Rb5 Rd8 30. Nd2 Bd4 31. Nb3 Bc3 32. Kf1 Kf8 33.
Ke2 Re8+ 34. Kd3 Be1 35. Rxb6 Bxf2 36. Rb7 Re3+ 37. Kd2 Re4 38. d6 Ke8 39. d7+
Kd8 40. Nxa5 Re6 41. Nc4 Re7 42. Kd3 Rxd7+ 43. Rxd7+ Kxd7 44. a5 f6 45. Ne3 f5
46. Nc4 Ke6 47. Nb6 Kd6 48. Kc4 Kc6 49. Nd5 Bc5 50. Nf4 g5 51. Ne6 Ba7 52. Nd4+
1-0

[Event "AUT-chT 1999/2000"]
[Site "Graz"]
[Date "2000.03.19"]
[Round "11.3"]
[White "Schroll, Gerhard"]
[Black "Lau, Ralf"]
[Result "0-1"]
[WhiteElo "2435"]
[BlackElo "2502"]
[PlyCount "33"]
[EventDate "2000.03.19"]

1. d4 Nf6 2. c4 e6 3. Nf3 b6 4. Bf4 Bb7 5. e3 Be7 6. h3 O-O 7. Nc3 d5 8. Rc1
dxc4 9. Bxc4 a6 10. O-O b5 11. Be2 Nbd7 12. Ne5 c5 13. Nxd7 Nxd7 14. dxc5 Nxc5
15. a3 Rc8 16. b4 Nd7 17. Bf3 {Rest unleserlich} 0-1

[Event "AUT-chT 1999/2000"]
[Site "Graz"]
[Date "2000.03.19"]
[Round "11.4"]
[White "Penz, Harald"]
[Black "Neulinger, Manfred"]
[Result "1/2-1/2"]
[WhiteElo "2403"]
[BlackElo "2328"]
[PlyCount "72"]
[EventDate "2000.03.19"]

1. e4 c6 2. c4 d5 3. exd5 Nf6 4. Nc3 cxd5 5. cxd5 Nxd5 6. d4 Nc6 7. Nf3 Bg4 8.
Qb3 Bxf3 9. gxf3 e6 10. Qxb7 Nxd4 11. Bb5+ 11... Nxb5 {} 12. Qc6+ Ke7 13. Qxb5
Qd7 14. Nxd5+ Qxd5 15. Qxd5 exd5 16. Be3 Ke6 17. O-O-O Rc8+ 18. Kb1 Bc5 19.
Rhe1 Kd6 20. Rd3 Rhd8 21. Bf4+ Kc6 22. Rc1 Kb7 23. Be3 d4 24. Bf4 Bb6 25. Rxc8
Rxc8 26. Rd2 Rc5 27. Rxd4 Rf5 28. Re4 g5 29. Be3 Rxf3 30. Bxg5 Rxf2 31. Rh4 Rf5
32. Bf4 Bd8 33. Rg4 h5 34. Rg8 Rxf4 35. Rxd8 h4 36. Rd3 f5 1/2-1/2

[Event "AUT-chT 1999/2000"]
[Site "Graz"]
[Date "2000.03.19"]
[Round "11.5"]
[White "Posch, Werner"]
[Black "Bawart, Markus"]
[Result "1/2-1/2"]
[WhiteElo "2267"]
[BlackElo "2395"]
[PlyCount "42"]
[EventDate "2000.03.19"]

1. e4 e6 2. d3 d5 3. Nd2 Nf6 4. Ngf3 Nc6 5. c3 Bd6 6. Be2 O-O 7. O-O Bf4 8. Re1
e5 9. Bf1 Re8 10. g3 Bh6 11. Qc2 Be6 12. Nb3 Bxc1 13. Raxc1 dxe4 14. dxe4 Nd7
15. Nh4 a5 16. Rcd1 Qg5 17. Nd2 Nb6 18. a4 g6 19. Ng2 Rad8 20. Ne3 Kg7 21. Ndc4
21... Nxc4 1/2-1/2

[Event "AUT-chT 1999/2000"]
[Site "Graz"]
[Date "2000.03.19"]
[Round "11.6"]
[White "Janetschek, Karl"]
[Black "Wiedner, Robert"]
[Result "0-1"]
[WhiteElo "2283"]
[BlackElo "2180"]
[PlyCount "60"]
[EventDate "2000.03.19"]

1. e4 c5 2. Nf3 e6 3. d4 cxd4 4. Nxd4 Qb6 5. Nb3 Qc7 6. Bd3 Nf6 7. Nc3 a6 8.
Qe2 d6 9. Be3 Be7 10. f4 Nbd7 11. g4 h6 12. h4 b5 13. a3 Bb7 14. O-O-O h5 15.
g5 Ng4 16. Bd2 Nc5 17. Kb1 Nxd3 18. cxd3 Qb6 19. Rhe1 a5 20. Be3 Nxe3 21. Qxe3
Qxe3 22. Rxe3 b4 23. Nb5 Kd7 24. a4 Rhc8 25. Nd2 d5 26. Nf3 Ke8 27. e5 Kd7 28.
Re2 Ba6 29. Nfd4 Bc5 30. Rc1 30... Bxd4 {} 0-1

[Event "AUT-chT 1999/2000"]
[Site "Graz"]
[Date "2000.03.19"]
[Round "11.1"]
[White "Wells, Peter"]
[Black "Vogt, Lothar"]
[Result "1/2-1/2"]
[WhiteElo "2480"]
[BlackElo "2490"]
[PlyCount "22"]
[EventDate "2000.03.19"]

1. d4 Nf6 2. c4 g6 3. Nc3 Bg7 4. e4 d6 5. Nf3 O-O 6. Be2 Bg4 7. Be3 Nfd7 8. Ng1
Bxe2 9. Ngxe2 a6 10. O-O c5 11. Rc1 11... Nc6 1/2-1/2

[Event "AUT-chT 1999/2000"]
[Site "Graz"]
[Date "2000.03.19"]
[Round "11.4"]
[White "Ganaus, Hannes"]
[Black "Herndl, Harald"]
[Result "1/2-1/2"]
[WhiteElo "2344"]
[BlackElo "2342"]
[PlyCount "20"]
[EventDate "2000.03.19"]

1. d4 d5 2. c4 c6 3. Nc3 Nf6 4. Nf3 dxc4 5. e4 b5 6. e5 Nd5 7. a4 e6 8. axb5
Nxc3 9. bxc3 cxb5 10. Ng5 10... Bb7 1/2-1/2

[Event "AUT-chT 1999/2000"]
[Site "Graz"]
[Date "2000.03.19"]
[Round "11.6"]
[White "Neumeier, Klaus"]
[Black "Spindelboeck, Gernot"]
[Result "1/2-1/2"]
[WhiteElo "2272"]
[BlackElo "2235"]
[PlyCount "20"]
[EventDate "2000.03.19"]

1. e4 c6 2. d4 d5 3. Nd2 dxe4 4. Nxe4 Bf5 5. Ng3 Bg6 6. h4 h6 7. h5 Bh7 8. Nf3
Nd7 9. Bd3 Bxd3 10. Qxd3 10... Ngf6 1/2-1/2